The Welsh in America (Record no. 153841)
[ view plain ]
| 000 -LEADER | |
|---|---|
| fixed length control field | 01235nam a2200325 a 4500 |
| 082 04 - DEWEY DECIMAL CLASSIFICATION NUMBER | |
| Classification number | 325.24290973 |
| 245 04 - TITLE STATEMENT | |
| Title | The Welsh in America |
| 260 ## - PUBLICATION, DISTRIBUTION, ETC. (IMPRINT) | |
| Place of publication | Minneapolis : |
| Name of publisher | University of Minnesota Press, |
| Year of publication | [1961] |
| 300 ## - PHYSICAL DESCRIPTION | |
| Number of Pages | 341 p. |
| 650 #0 - SUBJECT ADDED ENTRY--TOPICAL TERM | |
| Topical Term | Welsh |
| 700 1# - ADDED ENTRY--PERSONAL NAME | |
| Personal name | Conway, Alan. |
| 856 40 - ELECTRONIC LOCATION AND ACCESS | |
| Uniform Resource Identifier | http://site.ebrary.com/lib/rucke/Doc?id=10231239 |
No items available.
